000 00523nam a2200205Ia 4500
005 20240823023538.0
008 240823s9999||||xx |||||||||||||| ||und||
020 _a978-81-203-3700-8
041 _aENGLISH
082 _A624 P9
100 _a"Prakash,Shesha.M.N"
245 0 _aCivil Engineering and Engineering Mechanics
250 _aIst
260 _c2009
_b"PHI,.New "
_aNew Delhi
500 _aYES
650 _aEngineering Mechanics
_bCivil
700 _a" Mogaveer,Ganesh.B"
942 _cBK
999 _c181798
_d181798